Účtovné a daňové odpisy
Pokračovanie príspevku z predchádzajúceho čísla. Daňové odpisy, ktoré prešli zmenami na základe zákona č. 333/2014 Z.z, ktorým sa mení a dopĺňa zákon č. 595/2003 Z.z. o dani z príjmov v znení neskorších predpisov.
Enregistré dans:
| Auteur principal: | |
|---|---|
| Format: | Chapitre de livre |
| Langue: | slovaque |
| Sujets: | |
| Tags: |
Pas de tags, Soyez le premier à ajouter un tag!
|
MARC
| LEADER | 00000naa a2200000 4500 | ||
|---|---|---|---|
| 001 | 0200111 | ||
| 005 | 20231204112420.4 | ||
| 041 | 0 | |a slo | |
| 044 | |a SK | ||
| 245 | 1 | 0 | |a Účtovné a daňové odpisy |c Hana Jakubíková |
| 520 | |a Pokračovanie príspevku z predchádzajúceho čísla. Daňové odpisy, ktoré prešli zmenami na základe zákona č. 333/2014 Z.z, ktorým sa mení a dopĺňa zákon č. 595/2003 Z.z. o dani z príjmov v znení neskorších predpisov. | ||
| 610 | 2 | 0 | |a Slovensko |
| 610 | 2 | 0 | |a odpisy daňové |
| 610 | 2 | 0 | |a odpisy účtovné |
| 610 | 2 | 0 | |a zákony |
| 610 | 2 | 0 | |a novelizácia |
| 100 | 1 | |a Jakubíková, Hana | |